| 000 | 00263 a2200085 4500 | ||
|---|---|---|---|
| 100 | 1 |
_aDanilov, L. V.. _eAutor |
|
| 245 | 0 |
_aElektriceskie cepi s nelinejnymi R-elementami / _cDanilov L. V.. |
|
| 710 | 2 |
_aSvjaz'. _eWydawca _4pbl |
|
| 260 |
_aMoskva : _bSvjaz', _c1974. |
||
| 300 |
_a134 s.; _c25 cm. |
||
| 999 |
_c4757 _d4757 |
||